[Event "Olympiad-45"]
[Site "Budapest"]
[Date "2024.09.20"]
[Round "9.4"]
[White "Jaramillo Lopez, Ali Aaron"]
[Black "Guevara Ruiz, Marvin Andres"]
[Result "1-0"]
[WhiteElo "2258"]
[BlackElo "2003"]
[PlyCount "53"]
[EventDate "2024.09.11"]
[EventType "team-swiss"]
[EventRounds "11"]
[EventCountry "HUN"]
[SourceTitle "EXT 2025"]
[Source "ChessBase"]
[SourceDate "2024.10.14"]
[SourceVersion "1"]
[SourceVersionDate "2024.10.14"]
[SourceQuality "1"]
[WhiteTeam "Venezuela"]
[BlackTeam "El Salvador"]
[WhiteTeamCountry "VEN"]
[BlackTeamCountry "ESA"]

1. c4 e6 2. g3 d5 3. Bg2 Nf6 4. Nf3 c5 5. cxd5 exd5 6. d4 Nc6 7. 0-0 Be7 8. b3 0-0 9. Bb2 Bg4 10. dxc5 Bxf3 11. Bxf3 Bxc5 12. Nc3 Qe7 13. Nxd5 Nxd5 14. Bxd5 Rfd8 15. e4 Nb4 16. Qg4 g6 17. Qf3 Nxd5 18. exd5 Qd6 19. Rad1 Rac8 20. Rfe1 a5 21. h4 Bb4 22. Re2 Re8 23. h5 Rxe2 24. Qxe2 Bc3 25. Rc1 Qf6 26. Qe3 Bxb2 27. Rxc8+ 1-0

[Event "Guillermo Garcia Memorial-B"]
[Site "Santa Clara"]
[Date "2024.05.21"]
[Round "9"]
[White "Jaramillo Lopez, Ali Aaron"]
[Black "Miranda Mesa, Elier"]
[Result "0-1"]
[WhiteElo "2250"]
[BlackElo "2480"]
[PlyCount "84"]
[EventDate "2024.05.14"]
[EventType "tourn"]
[EventRounds "9"]
[EventCountry "CUB"]
[EventCategory "6"]
[SourceTitle "CBM 220 Extra"]
[Source "ChessBase"]
[SourceDate "2024.07.31"]
[SourceVersion "1"]
[SourceVersionDate "2024.07.31"]
[SourceQuality "1"]

1. Nf3 d5 2. e3 Nf6 3. c4 c6 4. Nc3 a6 5. b3 Bg4 6. Be2 e6 7. Bb2 Nbd7 8. 0-0 Bd6 9. h3 Bh5 10. d4 0-0 11. c5 Bc7 12. b4 Qe7 13. a4 Rfe8 14. b5 Bxf3 15. Bxf3 e5 16. b6 Bb8 17. Re1 e4 18. Be2 Nf8 19. g3 Ne6 20. Kg2 g6 21. Bc1 Ng7 22. Rh1 Nf5 23. Bd2 h5 24. h4 Qe6 25. a5 Kg7 26. Qg1 Nh6 27. Kf1 Nfg4 28. Ke1 Qf5 29. Nd1 Re6 30. Qg2 Rf6 31. Rf1 Qe6 32. Bc3 Rf5 33. Kd2 Qe7 34. Kc2 Rf3 35. Be1 Nf5 36. Qg1 Bxg3 37. Bxf3 Bh2 38. Qh1 exf3 39. Bc3 Nxh4 40. Kb2 Re8 41. Re1 Ng2 42. e4 Nxe1 0-1

[Event "Guillermo Garcia Memorial-B"]
[Site "Santa Clara"]
[Date "2024.05.20"]
[Round "8"]
[White "Perez Marimon, Jorge De Jesus"]
[Black "Jaramillo Lopez, Ali Aaron"]
[Result "1-0"]
[WhiteElo "2349"]
[BlackElo "2250"]
[PlyCount "157"]
[EventDate "2024.05.14"]
[EventType "tourn"]
[EventRounds "9"]
[EventCountry "CUB"]
[EventCategory "6"]
[SourceTitle "CBM 220 Extra"]
[Source "ChessBase"]
[SourceDate "2024.07.31"]
[SourceVersion "1"]
[SourceVersionDate "2024.07.31"]
[SourceQuality "1"]

1. e4 c5 2. Nf3 Nc6 3. d4 cxd4 4. Nxd4 g6 5. Nc3 Bg7 6. Be3 Nf6 7. Bc4 0-0 8. Bb3 Qa5 9. 0-0 d6 10. h3 Bd7 11. f4 Nxd4 12. Bxd4 Bc6 13. Nd5 Bxd5 14. exd5 Rac8 15. Qe1 Qc7 16. Qe3 a6 17. a4 Nd7 18. Bxg7 Kxg7 19. Qxe7 Rfe8 20. Qh4 Qc5+ 21. Kh1 Re4 22. Rae1 Rce8 23. Rxe4 Rxe4 24. Re1 Nf6 25. Rxe4 Nxe4 26. Qe1 Nf2+ 27. Kh2 Qd4 28. g3 Ne4 29. Qe2 Nf6 30. c3 Qb6 31. Bc4 h5 32. Kg2 a5 33. Qf2 Qc7 34. Qd4 Qe7 35. Kf2 Qd7 36. Bf1 Qf5 37. Qd3 Qd7 38. b3 Qe7 39. Bg2 h4 40. g4 Nd7 41. Qd4+ Kg8 42. b4 g5 43. Bf1 gxf4 44. Qxf4 Ne5 45. Be2 Ng6 46. Qd4 Qg5 47. bxa5 Nf4 48. Bf1 Nxd5 49. a6 bxa6 50. Bxa6 Nf4 51. Bf1 d5 52. a5 Ne6 53. Qe3 Qf6+ 54. Qf3 Qd8 55. a6 Qb8 56. Qe3 Qh2+ 57. Ke1 Qa2 58. Be2 Qa4 59. Qe5 Nf4 60. Qb8+ Kg7 61. a7 Qe4 62. Qb5 d4 63. cxd4 f6 64. g5 Ng2+ 65. Kf2 Qe3+ 66. Kxg2 Qg3+ 67. Kf1 Qxh3+ 68. Ke1 Qc3+ 69. Kd1 Qxd4+ 70. Bd3 Qxa7 71. gxf6+ Kf8 72. Qg5 Qa1+ 73. Ke2 Qb2+ 74. Kd1 Qa1+ 75. Ke2 Qb2+ 76. Kf3 Qb7+ 77. Kg4 Qg2+ 78. Kh5 Qf3+ 79. Kh6 1-0

[Event "Guillermo Garcia Memorial-B"]
[Site "Santa Clara"]
[Date "2024.05.18"]
[Round "6"]
[White "Gallo Garcia, Kemel Antonio"]
[Black "Jaramillo Lopez, Ali Aaron"]
[Result "1/2-1/2"]
[WhiteElo "2397"]
[BlackElo "2250"]
[PlyCount "39"]
[EventDate "2024.05.14"]
[EventType "tourn"]
[EventRounds "9"]
[EventCountry "CUB"]
[EventCategory "6"]
[SourceTitle "CBM 220 Extra"]
[Source "ChessBase"]
[SourceDate "2024.07.31"]
[SourceVersion "1"]
[SourceVersionDate "2024.07.31"]
[SourceQuality "1"]

1. c4 Nf6 2. g3 g6 3. Bg2 Bg7 4. Nc3 0-0 5. Nf3 d6 6. 0-0 e5 7. d3 c6 8. e4 a6 9. b4 a5 10. b5 Bg4 11. Qc2 c5 12. Ne1 Nh5 13. Nd5 Nd7 14. Bb2 Be6 15. Ne3 Rb8 16. Bf3 Nhf6 17. N1g2 Bh3 18. Be2 Ne8 19. f4 exf4 20. Rxf4 1/2-1/2

[Event "Guillermo Garcia Memorial-B"]
[Site "Santa Clara"]
[Date "2024.05.16"]
[Round "3"]
[White "Jaramillo Lopez, Ali Aaron"]
[Black "Diaz Perez, Michel Alejandro"]
[Result "0-1"]
[WhiteElo "2250"]
[BlackElo "2461"]
[PlyCount "84"]
[EventDate "2024.05.14"]
[EventType "tourn"]
[EventRounds "9"]
[EventCountry "CUB"]
[EventCategory "6"]
[SourceTitle "CBM 220 Extra"]
[Source "ChessBase"]
[SourceDate "2024.07.31"]
[SourceVersion "1"]
[SourceVersionDate "2024.07.31"]
[SourceQuality "1"]

1. c4 e6 2. Nf3 Nf6 3. Nc3 d5 4. e3 a6 5. b3 Bd6 6. Bb2 b6 7. cxd5 exd5 8. g3 Bb7 9. Bg2 Nbd7 10. 0-0 0-0 11. Ne2 Re8 12. Rc1 c5 13. d4 Rc8 14. dxc5 bxc5 15. Nf4 Nb6 16. Nh4 Bf8 17. Nh5 Nbd7 18. Nxf6+ Nxf6 19. Qc2 Ne4 20. Rfd1 Qg5 21. Nf3 Qh5 22. Nd2 f5 23. Nxe4 fxe4 24. Qd2 Bd6 25. Ba3 Re6 26. b4 c4 27. Bb2 Rf8 28. a3 Bc6 29. Bd4 Ba4 30. Rf1 Rh6 31. h3 Bd7 32. Qd1 Rf3 33. h4 Rg6 34. Bc5 Bxg3 35. fxg3 Rgxg3 36. Rf2 h6 37. Bd6 Rg6 38. Bf4 Bh3 39. Qe2 Bg4 40. Qe1 Rxf2 41. Kxf2 Bf3 42. Bg3 Rxg3 0-1

[Event "Guillermo Garcia Memorial-B"]
[Site "Santa Clara"]
[Date "2024.05.14"]
[Round "1"]
[White "Jaramillo Lopez, Ali Aaron"]
[Black "Castro Silva, Moises Antonio"]
[Result "1/2-1/2"]
[WhiteElo "2250"]
[BlackElo "2256"]
[PlyCount "29"]
[EventDate "2024.05.14"]
[EventType "tourn"]
[EventRounds "9"]
[EventCountry "CUB"]
[EventCategory "6"]
[SourceTitle "CBM 220 Extra"]
[Source "ChessBase"]
[SourceDate "2024.07.31"]
[SourceVersion "1"]
[SourceVersionDate "2024.07.31"]
[SourceQuality "1"]

1. c4 c5 2. Nf3 Nf6 3. Nc3 Nc6 4. e3 g6 5. d4 cxd4 6. exd4 d5 7. cxd5 Nxd5 8. Qb3 Nxc3 9. Bc4 Nd5 10. Bxd5 e6 11. Bxc6+ bxc6 12. 0-0 Qd5 13. Be3 Qxb3 14. axb3 f6 15. Rfc1 1/2-1/2

[Event "Titled Tuesday intern op 30th Apr Late"]
[Site "Chess.com INT"]
[Date "2024.04.30"]
[Round "4"]
[White "Jaramillo Lopez, Ali Aaron"]
[Black "Akhayan, Ruben"]
[Result "0-1"]
[WhiteElo "2250"]
[BlackElo "2260"]
[PlyCount "140"]
[EventDate "2024.04.30"]
[EventType "swiss (blitz)"]
[EventRounds "11"]
[EventCountry "USA"]
[SourceTitle "EXT 2025"]
[Source "ChessBase"]
[SourceDate "2024.10.14"]
[SourceVersion "1"]
[SourceVersionDate "2024.10.14"]
[SourceQuality "1"]

1. c4 e5 2. Nc3 Nf6 3. e3 c6 4. Nf3 e4 5. Nd4 d5 6. cxd5 cxd5 7. d3 exd3 8. Bxd3 Be7 9. 0-0 0-0 10. b3 Nc6 11. Nce2 Bg4 12. Nxc6 bxc6 13. Bb2 h6 14. Rc1 Bd7 15. Nd4 c5 16. Nf5 Bxf5 17. Bxf5 Qb6 18. Bxf6 Qxf6 19. Qxd5 Rad8 20. Qf3 g6 21. Bb1 Qxf3 22. gxf3 Rd2 23. Rcd1 Rfd8 24. Rxd2 Rxd2 25. Kg2 Kg7 26. Kg3 h5 27. f4 Kf6 28. Rc1 a5 29. Rc4 Rb2 30. Bd3 Rxa2 31. Re4 h4+ 32. Kf3 Rd2 33. Bc4 h3 34. Kg3 Rd8 35. Re5 Rd2 36. Kf3 Rc2 37. Re4 Rd2 38. Kg3 Rc2 39. Bb5 Rb2 40. Ba4 Rc2 41. Kxh3 Rxf2 42. Kg3 Rc2 43. Bb5 Rb2 44. Bc4 Rc2 45. h3 Rc1 46. Bd5 Rg1+ 47. Kh2 Rd1 48. Bc4 Rd2+ 49. Kg3 Rd1 50. Re5 Rc1 51. Bd5 Rg1+ 52. Kf2 Rc1 53. Bc4 Rc2+ 54. Kf3 Rc1 55. Re4 Rc2 56. Kg3 Rc1 57. h4 Rg1+ 58. Kf2 Rc1 59. Kf3 Rc2 60. Bb5 Rb2 61. Ra4 Rxb3 62. Rxa5 Bd8 63. Ra6+ Kg7 64. Bc4 Rd3 65. Bd5 Rxd5 66. Ke4 Rd1 67. Rc6 Bf6 68. Rxc5 Bxh4 69. Kf3 Be7 70. Ke4 Bxc5 0-1

[Event "Titled Tuesday intern op 30th Apr Late"]
[Site "Chess.com INT"]
[Date "2024.04.30"]
[Round "9"]
[White "Jaramillo Lopez, Ali Aaron"]
[Black "Uzcategui Rodriguez, Alejandro"]
[Result "1-0"]
[WhiteElo "2250"]
[BlackElo "2248"]
[PlyCount "159"]
[EventDate "2024.04.30"]
[EventType "swiss (blitz)"]
[EventRounds "11"]
[EventCountry "USA"]
[SourceTitle "EXT 2025"]
[Source "ChessBase"]
[SourceDate "2024.10.14"]
[SourceVersion "1"]
[SourceVersionDate "2024.10.14"]
[SourceQuality "1"]

1. c4 d6 2. d4 Nf6 3. Nf3 Nbd7 4. Nc3 e5 5. g3 Be7 6. Bg2 0-0 7. 0-0 c6 8. Qc2 Re8 9. Rd1 Qc7 10. b3 Bf8 11. Bb2 e4 12. Ng5 d5 13. cxd5 cxd5 14. e3 Nb6 15. Rac1 Qd8 16. Nh3 Bg4 17. Rd2 Qd7 18. Nf4 g5 19. Nfe2 Bf3 20. Qd1 h5 21. Qf1 Rac8 22. Rdc2 a6 23. Kh1 Bd6 24. Ng1 g4 25. Nge2 h4 26. Kg1 Kg7 27. Nd1 Rxc2 28. Rxc2 Rh8 29. Nf4 Qf5 30. a4 Qh7 31. Bxf3 exf3 32. Qd3 Ne4 33. a5 hxg3 34. fxg3 f2+ 35. Rxf2 Nxf2 36. Qxh7+ Rxh7 37. Nxf2 Bxf4 38. gxf4 Nd7 39. Nxg4 f5 40. Ne5 Nxe5 41. dxe5 Kf7 42. Bd4 Ke6 43. b4 Kd7 44. Kg2 Rh6 45. Kg3 Ke6 46. h4 Rh5 47. Bc5 Rh7 48. Kh3 Rh5 49. Kg3 Rh8 50. Bb6 Rh7 51. Bd8 Rg7+ 52. Bg5 Rh7 53. Kf3 Rh8 54. Ke2 Rh7 55. Kd3 Rh8 56. Kd4 Rc8 57. Kd3 Rc4 58. h5 Rxb4 59. Kc2 Rc4+ 60. Kd2 Ra4 61. h6 Ra1 62. Kc3 Rh1 63. Kd4 Rd1+ 64. Kc5 Rc1+ 65. Kb6 Rb1+ 66. Kc7 Rh1 67. Kxb7 Kd7 68. Kxa6 Kc6 69. e6 Kd6 70. e7 Kd7 71. Ka7 Rb1 72. a6 Rb2 73. Bf6 Rh2 74. Bg5 Rb2 75. Ka8 Rb1 76. a7 Rb2 77. Bf6 Rh2 78. Kb7 Rxh6 79. a8Q Rxf6 80. e8Q+ 1-0

[Event "Titled Tuesday intern op 30th Apr Late"]
[Site "Chess.com INT"]
[Date "2024.04.30"]
[Round "1"]
[White "Jarocka, Liwia"]
[Black "Jaramillo Lopez, Ali Aaron"]
[Result "1-0"]
[WhiteElo "2212"]
[BlackElo "2250"]
[PlyCount "89"]
[EventDate "2024.04.30"]
[EventType "swiss (blitz)"]
[EventRounds "11"]
[EventCountry "USA"]
[SourceTitle "EXT 2025"]
[Source "ChessBase"]
[SourceDate "2024.10.14"]
[SourceVersion "1"]
[SourceVersionDate "2024.10.14"]
[SourceQuality "1"]

1. e4 c5 2. Nf3 Nc6 3. d4 cxd4 4. Nxd4 Nf6 5. Nc3 e5 6. Ndb5 d6 7. Bg5 a6 8. Na3 b5 9. Nd5 Be7 10. Bxf6 Bxf6 11. c4 b4 12. Nc2 0-0 13. Qf3 Bg5 14. h4 Bh6 15. g3 a5 16. Bg2 Kh8 17. Qe2 Rb8 18. 0-0 Be6 19. Rfd1 Qd7 20. Nde3 Qa7 21. b3 Nd4 22. Nxd4 exd4 23. Nc2 g6 24. Nxd4 Bg7 25. Qd3 Qc5 26. Rac1 Bg4 27. f3 Bd7 28. Kh2 Rbd8 29. Ne2 Bc8 30. Nd4 Bd7 31. Bh3 f5 32. exf5 gxf5 33. f4 Rde8 34. Bg2 Re7 35. Nf3 Rf6 36. Rc2 Rg6 37. Re2 Rf7 38. Qd5 Qxd5 39. Rxd5 Bc6 40. Rxa5 Bc3 41. Ng5 Rc7 42. Bxc6 Rxc6 43. Ra7 h6 44. Re8+ Rg8 45. Rh7# 1-0

[Event "Titled Tuesday intern op 16th Apr Late"]
[Site "Chess.com INT"]
[Date "2024.04.16"]
[Round "5"]
[White "Jaramillo Lopez, Ali Aaron"]
[Black "Bokros, Albert"]
[Result "1-0"]
[WhiteElo "2250"]
[BlackElo "2410"]
[PlyCount "81"]
[EventDate "2024.04.16"]
[EventType "swiss (blitz)"]
[EventRounds "11"]
[EventCountry "USA"]
[SourceTitle "CBM 219 Extra"]
[Source "ChessBase"]
[SourceDate "2024.05.31"]
[SourceVersion "1"]
[SourceVersionDate "2024.05.31"]
[SourceQuality "1"]

1. c4 b6 2. Nc3 Bb7 3. e4 e6 4. Nf3 Bb4 5. Bd3 a6 6. 0-0 Be7 7. Re1 d6 8. Bc2 c5 9. d4 cxd4 10. Nxd4 Qc7 11. Qh5 g6 12. Qf3 Nf6 13. Bh6 Nbd7 14. b3 Ne5 15. Qh3 Neg4 16. Bd2 h5 17. Rad1 Nh7 18. f3 Ne5 19. f4 Ng4 20. Nce2 Nhf6 21. Qf3 Nd7 22. h3 Ngf6 23. Nc3 h4 24. Be3 Nh5 25. Bf2 Rc8 26. Nde2 Kf8 27. Bb1 Bf6 28. Qg4 b5 29. Bd4 Bxd4+ 30. Nxd4 Ndf6 31. Qg5 bxc4 32. e5 dxe5 33. fxe5 Nh7 34. Qh6+ Ng7 35. Bxg6 fxg6 36. Rf1+ Ke7 37. Qxg7+ Kd8 38. Nxe6+ Ke8 39. Nxc7+ Rxc7 40. Qxc7 Rf8 41. Qd7# 1-0

[Event "Titled Tuesday intern op 16th Apr Late"]
[Site "Chess.com INT"]
[Date "2024.04.16"]
[Round "7"]
[White "Jaskolka, Tomasz"]
[Black "Jaramillo Lopez, Ali Aaron"]
[Result "0-1"]
[WhiteElo "2241"]
[BlackElo "2250"]
[PlyCount "62"]
[EventDate "2024.04.16"]
[EventType "swiss (blitz)"]
[EventRounds "11"]
[EventCountry "USA"]
[SourceTitle "CBM 219 Extra"]
[Source "ChessBase"]
[SourceDate "2024.05.31"]
[SourceVersion "1"]
[SourceVersionDate "2024.05.31"]
[SourceQuality "1"]

1. d4 Nf6 2. Nc3 d5 3. Bf4 Bf5 4. e3 e6 5. Nf3 Bb4 6. Bd3 0-0 7. 0-0 Nbd7 8. Bxf5 exf5 9. Ne5 c6 10. Ne2 Re8 11. c3 Bf8 12. Ng3 g6 13. Bg5 Nxe5 14. dxe5 Rxe5 15. Qd4 Re6 16. h4 h5 17. a4 Bg7 18. Qd3 Qc7 19. a5 Ne4 20. Bf4 Qe7 21. a6 b6 22. Bg5 Nxg5 23. hxg5 Qxg5 24. Ra4 h4 25. Ne2 Re4 26. Nd4 Bxd4 27. Rxd4 Rae8 28. b4 h3 29. g3 Kg7 30. b5 Rxe3 31. fxe3 Qxg3+ 0-1

[Event "VEN-ch"]
[Site "Caracas"]
[Date "2024.02.25"]
[Round "5"]
[White "Rohl Montes, Juan Armando"]
[Black "Jaramillo Lopez, Ali Aaron"]
[Result "1-0"]
[WhiteElo "2375"]
[BlackElo "2283"]
[PlyCount "31"]
[EventDate "2024.02.23"]
[EventType "tourn"]
[EventRounds "9"]
[EventCountry "VEN"]
[EventCategory "1"]
[SourceTitle "CBM 219 Extra"]
[Source "ChessBase"]
[SourceDate "2024.05.31"]
[SourceVersion "1"]
[SourceVersionDate "2024.05.31"]
[SourceQuality "1"]

1. e4 e6 2. d4 d5 3. Nd2 c5 4. Ngf3 cxd4 5. Nxd4 Nc6 6. Bb5 Bd7 7. Nxc6 bxc6 8. Bd3 Ne7 9. 0-0 Ng6 10. c4 d4 11. f4 e5 12. f5 Ne7 13. c5 f6 14. Nc4 Nc8 15. Nxe5 fxe5 16. Qh5+ 1-0

[Event "Caracas Altamira Village"]
[Site "Caracas"]
[Date "2024.02.18"]
[Round "3.5"]
[White "Mora Moron, Jose Ramon"]
[Black "Jaramillo Lopez, Ali Aaron"]
[Result "1-0"]
[WhiteElo "2131"]
[BlackElo "2283"]
[PlyCount "88"]
[EventDate "2024.02.17"]
[EventType "tourn"]
[EventRounds "9"]
[EventCountry "VEN"]
[SourceTitle "CBM 219 Extra"]
[Source "ChessBase"]
[SourceDate "2024.05.31"]
[SourceVersion "1"]
[SourceVersionDate "2024.05.31"]
[SourceQuality "1"]

1. e4 c5 2. Nf3 d6 3. d4 cxd4 4. Nxd4 Nf6 5. Nc3 Bd7 6. Bg5 e6 7. f4 a6 8. Qf3 Nc6 9. 0-0-0 Nxd4 10. Rxd4 Bc6 11. f5 h6 12. Bh4 b5 13. Qd1 Qb6 14. Bxf6 gxf6 15. fxe6 fxe6 16. Be2 h5 17. Bxh5+ Ke7 18. Bf3 Bh6+ 19. Kb1 Bf4 20. Ne2 Be5 21. Rd3 b4 22. Nd4 Bd7 23. Bg4 Rag8 24. Bh3 Bxd4 25. Rxd4 e5 26. Rd3 Bxh3 27. gxh3 Rh4 28. Rg3 Rxg3 29. hxg3 Rxe4 30. b3 Qf2 31. g4 Qg2 32. Rg1 Qxh3 33. Qd5 Qf3 34. Rd1 Qxg4 35. Qxd6+ Kf7 36. Qc7+ Kg6 37. Rh1 Rd4 38. Qh7+ Kg5 39. Kb2 Qf3 40. Rh3 Qg4 41. Rh6 Qe6 42. Qg6+ Kf4 43. Qg7 Qg4 44. Rxf6+ Kg3 1-0

[Event "Caracas Altamira Village"]
[Site "Caracas"]
[Date "2024.02.17"]
[Round "1.4"]
[White "Gibson, Tomas"]
[Black "Jaramillo Lopez, Ali Aaron"]
[Result "1/2-1/2"]
[WhiteElo "2251"]
[BlackElo "2283"]
[PlyCount "20"]
[EventDate "2024.02.17"]
[EventType "tourn"]
[EventRounds "9"]
[EventCountry "VEN"]
[SourceTitle "CBM 219 Extra"]
[Source "ChessBase"]
[SourceDate "2024.05.31"]
[SourceVersion "1"]
[SourceVersionDate "2024.05.31"]
[SourceQuality "1"]

1. d4 Nf6 2. c4 g6 3. Nc3 d5 4. cxd5 Nxd5 5. e4 Nxc3 6. bxc3 Bg7 7. Bc4 c5 8. Ne2 Nc6 9. Be3 0-0 10. 0-0 b6 1/2-1/2

[Event "Titled Tuesday intern op 06th Feb Late"]
[Site "Chess.com INT"]
[Date "2024.02.06"]
[Round "3"]
[White "Jaramillo Lopez, Ali Aaron"]
[Black "Lucas, Arthur"]
[Result "1-0"]
[WhiteElo "2283"]
[BlackElo "2338"]
[PlyCount "129"]
[EventDate "2024.02.06"]
[EventType "swiss (blitz)"]
[EventRounds "11"]
[EventCountry "USA"]
[SourceTitle "CBM 218 Extra"]
[Source "ChessBase"]
[SourceDate "2024.03.31"]
[SourceVersion "1"]
[SourceVersionDate "2024.03.31"]
[SourceQuality "1"]

1. c4 Nf6 2. Nf3 g6 3. d4 Bg7 4. g3 0-0 5. Bg2 d6 6. Nc3 Nc6 7. 0-0 e5 8. dxe5 Nxe5 9. Nxe5 dxe5 10. Qxd8 Rxd8 11. Bg5 Rd4 12. Be3 Rd7 13. h3 c6 14. Na4 Rc7 15. Rfd1 Be6 16. b3 Nd7 17. Rd2 Bf8 18. Rad1 Bb4 19. Rc2 Bf5 20. Rcc1 Ba3 21. Ra1 Kf8 22. g4 Be6 23. c5 f5 24. gxf5 gxf5 25. f4 e4 26. Bd4 Ke7 27. e3 Bd5 28. Kf2 Rcc8 29. Bf1 Rg8 30. Be2 Nf8 31. b4 Ne6 32. Bc3 a5 33. bxa5 Nxc5 34. Nb6 Rad8 35. Nxd5+ Rxd5 36. Rxd5 cxd5 37. Rb1 Kd7 38. Bb5+ Kc8 39. Bd4 Kb8 40. a6 b6 41. Be2 Ka7 42. h4 Rb8 43. h5 Ne6 44. Be5 Rc8 45. Bd1 Bc5 46. Bb3 Rd8 47. Rd1 Kxa6 48. Rxd5 Rxd5 49. Bxd5 Nf8 50. Bg7 Kb5 51. Bg8 Ka4 52. Bxf8 Bxf8 53. Bxh7 Ka3 54. Bxf5 Kxa2 55. Bxe4 b5 56. Bd5+ Kb2 57. Kf3 Kc3 58. Ke4 b4 59. Kf5 Kd3 60. e4 Kd4 61. Bf7 Bh6 62. e5 Bf8 63. Ba2 Ke3 64. e6 Be7 65. h6 1-0

[Event "Titled Tuesday intern op 07th Nov Late"]
[Site "Chess.com INT"]
[Date "2023.11.07"]
[Round "3"]
[White "Jaramillo Lopez, Ali Aaron"]
[Black "Blanco Diez, David"]
[Result "1-0"]
[WhiteElo "2181"]
[BlackElo "2298"]
[PlyCount "95"]
[EventDate "2023.11.07"]
[EventType "swiss (blitz)"]
[EventRounds "11"]
[EventCountry "USA"]
[SourceTitle "EXT 2025"]
[Source "ChessBase"]
[SourceDate "2024.10.14"]
[SourceVersion "1"]
[SourceVersionDate "2024.10.14"]
[SourceQuality "1"]

1. Nf3 Nf6 2. c4 b6 3. Nc3 Bb7 4. e3 c5 5. d4 cxd4 6. exd4 g6 7. d5 d6 8. Bg5 Bg7 9. Be2 0-0 10. 0-0 Na6 11. Qd2 Nc5 12. Bh6 Nfe4 13. Nxe4 Nxe4 14. Qe3 Nf6 15. Bxg7 Kxg7 16. Nd4 Rc8 17. Rfe1 Qd7 18. Rac1 Rfe8 19. h4 h5 20. Qg5 Ne4 21. Qf4 Nf6 22. Bf3 Ng4 23. Bxg4 Qxg4 24. Qxg4 hxg4 25. g3 Rc5 26. b3 a6 27. a4 Rc7 28. Rcd1 Bc8 29. Re3 Bd7 30. Rde1 Kf8 31. Re4 Rb7 32. Rf4 Kg7 33. Rfe4 Kf8 34. f3 gxf3 35. Nxf3 b5 36. axb5 axb5 37. Rf4 bxc4 38. bxc4 Rb3 39. Kh2 Kg7 40. Ng5 f6 41. Ne6+ Bxe6 42. Rxe6 Kf7 43. Kh3 Rc3 44. Kg4 Rc8 45. Ree4 f5+ 46. Kh3 Kg7 47. Rd4 Rc2 48. g4 1-0

[Event "Titled Tuesday intern op 07th Nov Late"]
[Site "Chess.com INT"]
[Date "2023.11.07"]
[Round "2"]
[White "Onslow, Alfie"]
[Black "Jaramillo Lopez, Ali Aaron"]
[Result "0-1"]
[WhiteElo "2165"]
[BlackElo "2181"]
[PlyCount "102"]
[EventDate "2023.11.07"]
[EventType "swiss (blitz)"]
[EventRounds "11"]
[EventCountry "USA"]
[SourceTitle "EXT 2025"]
[Source "ChessBase"]
[SourceDate "2024.10.14"]
[SourceVersion "1"]
[SourceVersionDate "2024.10.14"]
[SourceQuality "1"]

1. c4 Nf6 2. Nc3 g6 3. e4 e5 4. Nf3 Bg7 5. Be2 0-0 6. 0-0 Nc6 7. d3 d6 8. Nd5 Bg4 9. Be3 Nd7 10. b4 Bxf3 11. Bxf3 a5 12. b5 Ncb8 13. Qd2 b6 14. g3 Nc5 15. Bg4 f5 16. Bg5 Qd7 17. Bh3 Ne6 18. exf5 gxf5 19. Ne7+ Kh8 20. Nxf5 Nd4 21. Nxd4 Qxh3 22. Nc2 Nd7 23. Ne3 Nc5 24. Nd5 Rf7 25. Rae1 Raf8 26. Re2 Rf3 27. Be3 Ne6 28. Qd1 h5 29. Rd2 h4 30. Bf4 Nd4 31. Be3 Ne6 32. Bf4 Qg4 33. Ne3 Qh5 34. g4 Qg6 35. Qxf3 Rxf4 36. Qg2 Nd4 37. h3 Nf3+ 38. Qxf3 Rxf3 39. Re1 e4 40. d4 Rxh3 41. Kg2 Rf3 42. d5 Be5 43. Rh1 Rxe3 44. fxe3 Qxg4+ 45. Kf1 Qf3+ 46. Kg1 h3 47. Rf2 Qd1+ 48. Rf1 Qg4+ 49. Kf2 Bg3+ 50. Kg1 Be1+ 51. Kh2 Qg2# 0-1

[Event "Titled Tuesday intern op 31st Oct Late"]
[Site "Chess.com INT"]
[Date "2023.10.31"]
[Round "3"]
[White "Jaramillo Lopez, Ali Aaron"]
[Black "Gokerkan, Cem Kaan"]
[Result "1-0"]
[WhiteElo "2181"]
[BlackElo "2523"]
[PlyCount "81"]
[EventDate "2023.10.31"]
[EventType "swiss (blitz)"]
[EventRounds "11"]
[EventCountry "USA"]
[SourceTitle "EXT 2025"]
[Source "ChessBase"]
[SourceDate "2024.10.14"]
[SourceVersion "1"]
[SourceVersionDate "2024.10.14"]
[SourceQuality "1"]

1. Nf3 Nf6 2. c4 e6 3. Nc3 d5 4. e3 Be7 5. b3 0-0 6. Bb2 b6 7. Rc1 Bb7 8. d4 Nbd7 9. cxd5 Nxd5 10. Be2 c5 11. 0-0 Rc8 12. Nxd5 Bxd5 13. Ba6 Rc7 14. Qe2 Qa8 15. Rfd1 Nb8 16. Bd3 Bxf3 17. gxf3 Nc6 18. dxc5 Bxc5 19. Be4 Qc8 20. f4 Ne7 21. Be5 a5 22. Bxc7 Qxc7 23. Qd3 g6 24. Qd7 Qb8 25. Qb7 Qe8 26. Rd7 Nf5 27. Rcd1 Nh4 28. Qc7 Kg7 29. Rd8 Qb5 30. Rxf8 Bxf8 31. Qe5+ Qxe5 32. fxe5 Bc5 33. Kf1 g5 34. Ke2 h5 35. h3 Ba3 36. Rg1 Kh6 37. f4 gxf4 38. exf4 Bc5 39. Rg8 Bd4 40. Rh8+ Kg7 41. Rxh5 1-0

[Event "Titled Tuesday intern op 24th Oct Late"]
[Site "Chess.com INT"]
[Date "2023.10.24"]
[Round "3"]
[White "Damjanovic, Vuk"]
[Black "Jaramillo Lopez, Ali Aaron"]
[Result "0-1"]
[WhiteElo "2346"]
[BlackElo "2183"]
[PlyCount "90"]
[EventDate "2023.10.24"]
[EventType "swiss (blitz)"]
[EventRounds "11"]
[EventCountry "USA"]
[SourceTitle "CBM 216 Extra"]
[Source "ChessBase"]
[SourceDate "2023.11.30"]
[SourceVersion "1"]
[SourceVersionDate "2023.11.30"]
[SourceQuality "1"]

1. Nf3 Nf6 2. b3 g6 3. Bb2 Bg7 4. g3 0-0 5. Bg2 d5 6. c4 Nc6 7. cxd5 Nxd5 8. Bxg7 Kxg7 9. d4 Bg4 10. 0-0 Nf6 11. Nc3 Bxf3 12. Bxf3 Qxd4 13. Qxd4 Nxd4 14. Bxb7 Rab8 15. Bg2 c5 16. e3 Nc2 17. Rac1 Nb4 18. Rfd1 Rfd8 19. Bf1 e6 20. Rxd8 Rxd8 21. a3 Nbd5 22. Na4 Ne4 23. Nxc5 Nxc5 24. Rxc5 Nb6 25. Rc7 Rd7 26. Rxd7 Nxd7 27. Kg2 f5 28. Kf3 e5 29. Ke2 Kf6 30. Kd2 Nc5 31. Bc4 Ke7 32. f3 h6 33. b4 Nd7 34. a4 Kd6 35. a5 Nb8 36. Kc3 Nd7 37. Bf7 g5 38. f4 gxf4 39. gxf4 Nf6 40. Bg6 Nd5+ 41. Kc4 Nxe3+ 42. Kb5 exf4 43. Bh5 Kc7 44. Bf3 Kb8 45. h4 Nf1 0-1

[Event "Titled Tuesday intern op 24th Oct Early"]
[Site "Chess.com INT"]
[Date "2023.10.24"]
[Round "9"]
[White "Isha, Sharma"]
[Black "Jaramillo Lopez, Ali Aaron"]
[Result "1-0"]
[WhiteElo "2191"]
[BlackElo "2183"]
[PlyCount "67"]
[EventDate "2023.10.24"]
[EventType "swiss (blitz)"]
[EventRounds "11"]
[EventCountry "USA"]
[SourceTitle "EXT 2025"]
[Source "ChessBase"]
[SourceDate "2024.10.14"]
[SourceVersion "1"]
[SourceVersionDate "2024.10.14"]
[SourceQuality "1"]

1. e4 c5 2. Nf3 Nc6 3. d4 cxd4 4. Nxd4 g6 5. c4 Nf6 6. Nc3 Nxd4 7. Qxd4 d6 8. Be3 Bg7 9. Qd2 0-0 10. Bd3 Ng4 11. Bf4 Be6 12. 0-0 Rc8 13. b3 Re8 14. Rac1 Qa5 15. h3 Ne5 16. Bb1 a6 17. Qe3 b5 18. cxb5 axb5 19. Nd5 Bxd5 20. exd5 b4 21. Rfd1 Rxc1 22. Qxc1 Nd7 23. Qc6 Rd8 24. Be3 Nc5 25. Bg5 Bf6 26. Bxf6 exf6 27. Re1 Qa7 28. Qb5 Rb8 29. Qc6 Rb6 30. Qe8+ Kg7 31. Re7 Qxe7 32. Qxe7 Ra6 33. Qc7 h5 34. Qb8 1-0